El precario equilibrio /
Furkejuvvon:
| Váldodahkki: | |
|---|---|
| Materiálatiipa: | Girji |
| Giella: | Spanish |
| Almmustuhtton: |
La Habana, Cuba :
Letras cubanas,
2001.
|
| Ráidu: | Letras cubanas poesía
|
| Fáttát: | |
| Fáddágilkorat: |
Lasit fáddágilkoriid
Eai fáddágilkorat, Lasit vuosttaš fáddágilkora!
|
MARC
| LEADER | 00000cam a22000007a 4500 | ||
|---|---|---|---|
| 001 | 12450137 | ||
| 005 | 20180531091752.0 | ||
| 008 | 010615s2001 cu a 000 0 spa | ||
| 020 | |a 9591005849 | ||
| 040 | |a DLC |c DLC | ||
| 041 | 0 | |a spa | |
| 082 | 0 | 4 | |a Cu861.44 |b H557p |
| 100 | 1 | |a Hernández, Rafael Enrique |d 1968- | |
| 245 | 1 | 3 | |a El precario equilibrio / |c Rafael Enrique Hernández. |
| 260 | 1 | |a La Habana, Cuba : |b Letras cubanas, |c 2001. | |
| 300 | |a 57 páginas : |b ilustraciones ; |c 18 cm. | ||
| 490 | 1 | |a Letras cubanas poesía | |
| 500 | |a Donación Adriano Corrales | ||
| 650 | 1 | 7 | |a LITERATURA CUBANA |9 14 |v POESIA |
| 942 | |2 ddc |c BK | ||
| 999 | |c 22013 |d 22013 | ||



